| 000 | 00549 a2200193 4500 | ||
|---|---|---|---|
| 003 | OSt | ||
| 005 | 20180116182753.0 | ||
| 008 | 160526b xxu||||| |||| 00| 0 eng d | ||
| 020 | _a0 | ||
| 040 | _c0 | ||
| 082 | _a332.820917671 IBP 1994 | ||
| 110 | _aThe Institute of Bankers in Pakistan | ||
| 245 |
_aInterest-Free Banking _cThe Institute of Bankers in Pakistan |
||
| 250 | _a1st | ||
| 260 |
_aKarachi _bThe Institute of Bankers in Pakistan _c1994 |
||
| 300 |
_a392 p. _bHB |
||
| 500 | _aHard cover | ||
| 942 |
_aNBS _cBK _k332.820917671 IBP _2ddc |
||
| 999 |
_c345730 _d345730 |
||